Skalpy. Kasino v rytmu boogie /

Hlavní autor: Aaron, Jason, 1973-
Další autoři: Guéra, R. M., 1959-
Jazyk: Čeština
Vydáno: [Praha] : Crew, 2015
Vydání: 1. vyd.
Edice: Světové komiksy česky
Témata:
Fyzický popis: [144] s. : vše barev. il. ; 26 cm
Knihy
Uloženo v:
LEADER 01518nam a2200445 a 4500
001 nkc20152695072
003 CZ PrNK
005 20150609110451.0
007 ta
008 150421s2015 xr a g 000 1 cze
015 |a cnb002695072 
020 |a 978-80-7449-303-4  |q (brož.) :  |c Kč 369,00 
035 |a (OCoLC)913564295 
040 |a BOA001  |b cze 
041 1 |a cze  |h eng 
072 7 |a 821-1/-8  |x Literatura různých forem a žánrů  |2 Konspekt  |9 25 
080 |a 821-312.5  |2 MRF 
080 |a (084.1)  |2 MRF 
100 1 |a Aaron, Jason,  |d 1973-  |7 xx0189091  |4 aut 
245 1 0 |a Skalpy.  |p Kasino v rytmu boogie /  |c scénář Jason Aaron ; kresba R.M. Guéra ; překlad Štěpán Kopřiva 
246 3 0 |a Kasino v rytmu boogie 
250 |a 1. vyd. 
260 |a [Praha] :  |b Crew,  |c 2015 
300 |a [144] s. :  |b vše barev. il. ;  |c 26 cm 
490 1 |a Světové komiksy česky 
500 |a Přeloženo z angličtiny 
500 |a Na hřbetu označení: 2 
500 |a Na obálce uvedeno původní nakl. Vertigo 
521 8 |a Určeno pro dospělé čtenáře 
655 7 |a komiksy  |7 fd131978  |2 czenas 
655 9 |a comics  |2 eczenas 
700 1 |a Guéra, R. M.,  |d 1959-  |7 xx0189460  |4 ill 
765 0 |t Scalped. Casino boogie  |9 Česky 
765 1 |t Casino boogie  |9 Česky 
830 0 |a Světové komiksy česky  |0 s 
910 2 |a BOA001  |b 3-1346.132 
990 |a BK 
995 |a 01 
991 |b 201505  |c NOV  |e b 
996 6 |b 2610631712  |c 3-1346.132  |l MZK  |r Sklad / do 1 hodiny  |n 3  |p p.v.  |w 001503259  |u 000010  |a 1  |e BOA001  |j MZK50  |s P